Life and Faith of the People of God (Record no. 16632)

MARC details
000 -LEADER
fixed length control field 00378nam a2200157 a 4500
082 00 - DEWEY DECIMAL CLASSIFICATION NUMBER
Classification number 221
Author Cutter RAO
100 ## - MAIN ENTRY--AUTHOR NAME
Author name Rao, Naveen
245 ## - TITLE STATEMENT
Title Life and Faith of the People of God
260 ## - PUBLICATION, DISTRIBUTION, ETC. (IMPRINT)
Place of publication Kolkata, India
Name of publisher SCEPTRE
Year of publication 2013
300 ## - PHYSICAL DESCRIPTION
Number of Pages 229p
500 ## - GENERAL NOTE
General note includes index and biblioraphy
505 2# - FORMATTED CONTENTS NOTE
Formatted contents note Webliography
650 ## - SUBJECT ADDED ENTRY--TOPICAL TERM
Topical Term Theology
942 ## - ADDED ENTRY ELEMENTS (KOHA)
Koha item type Books
700 1# -
-- Rao, Naveen
Holdings
Home library Current library Date acquired Cost, normal purchase price Full call number Accession Number Koha item type
Henry Martyn Institute Library Henry Martyn Institute Library 11/18/2013 300.00 221 RAO 024225 Books
                   Copyright © 2026 | Henry Martyn Institute | Hyderabad | TS-500052 | INDIA | Implemented by hmi.edu.in
Hit-Count:

Powered by Koha